01593nam a22001817a 450000500170000000800410001702000180005804000070007604100080008308200220009110000210011324500400013426000570017430000330023136500640026452010450032865000380137320240302100624.0240302b ||||| |||| 00| 0 eng d a9781433834639 cAL aeng 223a150.721bMCME aLinda M McMullen aEssentials of discursive psychology aWashingtonbAmerican Psychological Associationc2021 aviii,110p.bPBc22.8x15.3cm. 2Generala7740b₹1349.00c₹d₹1729.14e22%f15-02-2024 an this step-by-step guide to conducting a research study, Linda McMullen describes the innovative ways in which discursive psychology analyzes language at both the micro and macro levels. Discursive psychologists reconceptualize talk and text as being situated in a social context, rather than thinking of talk as a route to our thoughts. For example, this approach could be used to study how people use arguments for and against the notion of human-induced climate change, or how they criticize each other in face-to-face encounters. About the Essentials of Qualitative Methods book series: Even for experienced researchers, selecting and correctly applying the right method can be challenging. In this groundbreaking series, leading experts in qualitative methods provide clear, crisp, and comprehensive descriptions of their approach, including its methodological integrity, and its benefits and limitations. Each book includes numerous examples to enable readers to quickly and thoroughly grasp how to leverage these valuable methods.  2PsychologyaExperimental Research